[Event "Vsetin op 45th"]
[Site "Vsetin"]
[Date "2020.07.04"]
[Round "1"]
[White "Zgarba, Radek"]
[Black "Krejca, Jakub"]
[Result "0-1"]
[WhiteElo "1904"]
[BlackElo "2166"]
[PlyCount "120"]
[EventDate "2020.07.04"]
[EventType "swiss"]
[EventRounds "9"]
[EventCountry "CZE"]
[SourceTitle "CBM 197 Extra"]
[Source "ChessBase"]
[SourceDate "2020.09.30"]
[SourceVersion "1"]
[SourceVersionDate "2020.09.30"]
[SourceQuality "1"]

1. d4 d5 2. c4 e6 3. Nc3 Nf6 4. cxd5 exd5 5. Bg5 Nbd7 6. e3 Be7 7. Bd3 0-0 8. Qc2 Re8 9. Nge2 b6 10. 0-0 Bb7 11. Rad1 h6 12. Bh4 c5 13. f3 cxd4 14. exd4 Rc8 15. Qd2 Nf8 16. Ng3 Ng6 17. Bxg6 fxg6 18. Qd3 Kh7 19. Nge2 Bd6 20. Bg3 Nh5 21. Bxd6 Qxd6 22. Rde1 Nf4 23. Nxf4 Qxf4 24. g3 Qf6 25. f4 b5 26. Re5 b4 27. Ne2 Ba6 28. Qd2 Qb6 29. Re1 Rxe5 30. fxe5 Bxe2 31. Rxe2 Rc4 32. e6 Rxd4 33. Qe3 Rd1+ 34. Kg2 d4 35. Qe4 d3 36. Re3 d2 37. e7 Rc1 38. Rd3 Qg1+ 39. Kh3 Qf1+ 40. Kh4 Qf6+ 41. Kh3 Qf1+ 42. Kh4 Rc4 43. Qxc4 d1Q 44. Qg8+ Kxg8 45. e8Q+ Kh7 46. Rxd1 Qxd1 47. Qe5 Qf3 48. Kh3 Qf1+ 49. Kh4 Qf6+ 50. Qxf6 gxf6 51. Kg4 Kg7 52. Kf4 a5 53. Ke4 f5+ 54. Ke5 Kf7 55. h4 h5 56. b3 Ke7 57. Kf4 Kf6 58. Ke3 g5 59. hxg5+ Kxg5 60. Kf3 f4 0-1

[Event "CZE-chT1E 1920"]
[Site "Czech Republic"]
[Date "2020.03.01"]
[Round "9.2"]
[White "Krejca, Jakub"]
[Black "Dvorak, Milan"]
[Result "1-0"]
[WhiteElo "2132"]
[BlackElo "1809"]
[PlyCount "63"]
[EventDate "2019.10.20"]
[EventType "team-tourn"]
[EventRounds "11"]
[EventCountry "CZE"]
[SourceTitle "CBM 195 Extra"]
[Source "ChessBase"]
[SourceDate "2020.05.31"]
[SourceVersion "1"]
[SourceVersionDate "2020.05.31"]
[SourceQuality "1"]
[WhiteTeam "Hostalkova"]
[BlackTeam "Rychnov nad Kneznou"]
[WhiteTeamCountry "CZE"]
[BlackTeamCountry "CZE"]

1. e4 b6 2. d4 Bb7 3. Nc3 e6 4. Nf3 Bb4 5. Bd3 Bxc3+ 6. bxc3 d6 7. Qe2 Nd7 8. Bd2 Ne7 9. a4 a5 10. 0-0 0-0 11. c4 Ng6 12. Ng5 h6 13. Nh3 e5 14. c3 Qh4 15. f4 Nf6 16. f5 Ne7 17. d5 Nh7 18. Rf3 Kh8 19. Nf2 Ng5 20. Rg3 f6 21. Bxg5 fxg5 22. Rh3 Qxh3 23. Nxh3 Ng8 24. Nf2 Bc8 25. Rf1 Bd7 26. Bc2 Be8 27. Qd2 Nf6 28. Bd1 Nd7 29. Ng4 Nc5 30. Qe3 Nd7 31. h4 gxh4 32. f6 1-0

[Event "CZE-chT1E 1920"]
[Site "Czech Republic"]
[Date "2020.02.16"]
[Round "8.5"]
[White "Krejca, Jakub"]
[Black "Malik, Jan"]
[Result "1-0"]
[WhiteElo "2132"]
[BlackElo "2291"]
[PlyCount "99"]
[EventDate "2019.10.20"]
[EventType "team-tourn"]
[EventRounds "11"]
[EventCountry "CZE"]
[SourceTitle "CBM 195 Extra"]
[Source "ChessBase"]
[SourceDate "2020.05.31"]
[SourceVersion "1"]
[SourceVersionDate "2020.05.31"]
[SourceQuality "1"]
[WhiteTeam "Hostalkova"]
[BlackTeam "Poruba Slavoj II"]
[WhiteTeamCountry "CZE"]
[BlackTeamCountry "CZE"]

1. e4 c5 2. Nf3 d6 3. d4 cxd4 4. Nxd4 Nf6 5. Nc3 a6 6. Be3 e5 7. Nb3 Be6 8. f3 Nbd7 9. Qd2 b5 10. 0-0-0 Nb6 11. Kb1 Be7 12. g4 Nc4 13. Bxc4 bxc4 14. Nc1 Rb8 15. g5 Nh5 16. Nd5 Bxd5 17. Qxd5 Qc8 18. Ne2 0-0 19. Ng3 Rb5 20. Nf5 Qc7 21. Qc6 Qd8 22. Nxd6 Bxd6 23. Qxd6 Qa5 24. Rd5 Rxd5 25. exd5 Rd8 26. Qxe5 Qxd5 27. Qxd5 Rxd5 28. Kc1 f5 29. gxf6 Nxf6 30. Rg1 Rf5 31. Rg3 Nh5 32. Rh3 g6 33. Kd2 Nf6 34. Kc3 Nd5+ 35. Kd4 Nxe3 36. Kxe3 Ra5 37. Kd4 Rxa2 38. Kc3 a5 39. Rh4 a4 40. Rxc4 a3 41. b4 Ra1 42. Rc8+ Kg7 43. Ra8 Kf6 44. Kb3 Rb1+ 45. Kc4 Ra1 46. b5 a2 47. Kc5 Ke7 48. Kc6 Rf1 49. Rxa2 Rxf3 50. c4 1-0

[Event "CZE-chT1E 1920"]
[Site "Czech Republic"]
[Date "2020.02.02"]
[Round "7.3"]
[White "Zigo, Viktor"]
[Black "Krejca, Jakub"]
[Result "0-1"]
[WhiteElo "2260"]
[BlackElo "2132"]
[PlyCount "62"]
[EventDate "2019.10.20"]
[EventType "team-tourn"]
[EventRounds "11"]
[EventCountry "CZE"]
[SourceTitle "CBM 194 Extra"]
[Source "ChessBase"]
[SourceDate "2020.03.31"]
[SourceVersion "1"]
[SourceVersionDate "2020.03.31"]
[SourceQuality "1"]
[WhiteTeam "Gordic"]
[BlackTeam "Hostalkova"]
[WhiteTeamCountry "CZE"]
[BlackTeamCountry "CZE"]

1. e4 e6 2. d3 d5 3. Nd2 Nf6 4. Ngf3 Be7 5. g3 c5 6. Bg2 0-0 7. 0-0 Nc6 8. e5 Nd7 9. Re1 b5 10. Nf1 a5 11. h4 c4 12. d4 b4 13. c3 bxc3 14. bxc3 Rb8 15. Ng5 Bxg5 16. hxg5 Ba6 17. Qh5 Bb5 18. a4 Ba6 19. Ba3 Re8 20. Re3 Ne7 21. Rf3 Ng6 22. Nh2 Rb3 23. Ng4 Qb8 24. Rxf7 Rxa3 25. Rxa3 Qb1+ 26. Kh2 Kxf7 27. Ne3 Qb2 28. Nxd5 exd5 29. e6+ Rxe6 30. Bxd5 Qxf2+ 31. Kh1 Bb7 0-1

[Event "CZE-chT2E 1920"]
[Site "Czech Republic"]
[Date "2020.01.26"]
[Round "7.2"]
[White "Babula, Vlastimil1"]
[Black "Krejca, Jakub"]
[Result "0-1"]
[WhiteElo "2041"]
[BlackElo "2132"]
[PlyCount "158"]
[EventDate "2019.10.13"]
[EventType "team-tourn"]
[EventRounds "11"]
[EventCountry "CZE"]
[SourceTitle "EXT 2024"]
[Source "ChessBase"]
[SourceDate "2023.10.10"]
[SourceVersion "1"]
[SourceVersionDate "2023.10.10"]
[SourceQuality "1"]
[WhiteTeam "Stare Mesto II"]
[BlackTeam "Zlin"]
[WhiteTeamCountry "CZE"]
[BlackTeamCountry "CZE"]

1. e4 e6 2. d4 d5 3. Nc3 Bb4 4. e5 c5 5. a3 Ba5 6. b4 cxd4 7. Nb5 Bc7 8. f4 Bd7 9. Nf3 Ne7 10. Nbxd4 Ba4 11. Be3 Nbc6 12. Bd3 Bb6 13. Qd2 Nxd4 14. Nxd4 Nc6 15. Qf2 Rc8 16. 0-0 Nxd4 17. Bxd4 Bxd4 18. Qxd4 Qb6 19. Qxb6 axb6 20. f5 Ke7 21. Rf2 Rc3 22. fxe6 Kxe6 23. Raf1 Be8 24. Rf3 Kxe5 25. Re1+ Kd6 26. Rfe3 Bd7 27. Re7 Rf8 28. R1e3 Rc7 29. h3 g6 30. Kf2 Be6 31. Rxc7 Kxc7 32. Bb5 Kd6 33. Rc3 Bd7 34. Bxd7 Kxd7 35. Rd3 Ke6 36. Ke2 Rc8 37. Re3+ Kd6 38. Kd3 f5 39. g3 Rf8 40. c4 f4 41. gxf4 Rxf4 42. cxd5 Kxd5 43. Rg3 Rh4 44. Rf3 Rh5 45. Rg3 g5 46. Rf3 h6 47. Rf5+ Kc6 48. Rf6+ Kb5 49. Rf3 Rh4 50. Kc3 Ka4 51. Kc2 Rf4 52. Re3 Rf2+ 53. Kb1 Rh2 54. Rg3 Kb5 55. Rc3 Rg2 56. Rc7 Rg3 57. Rxb7 Rxh3 58. a4+ Ka6 59. Rh7 Rb3+ 60. Kc2 Rxb4 61. Rxh6 Rxa4 62. Kb3 Rg4 63. Re6 Ka5 64. Re8 Rg3+ 65. Kb2 b5 66. Re4 g4 67. Rf4 b4 68. Rf8 Kb5 69. Rb8+ Kc4 70. Rc8+ Kd4 71. Rb8 b3 72. Re8 Rf3 73. Re7 g3 74. Re8 Re3 75. Rd8+ Ke4 76. Rf8 g2 77. Rg8 Kf3 78. Rf8+ Ke2 79. Rg8 Kf2 0-1

[Event "CZE-chT2E 1920"]
[Site "Czech Republic"]
[Date "2019.12.15"]
[Round "5.3"]
[White "Krejca, Jakub"]
[Black "Benes, Miroslav"]
[Result "1-0"]
[WhiteElo "2132"]
[BlackElo "2037"]
[PlyCount "59"]
[EventDate "2019.10.13"]
[EventType "team-tourn"]
[EventRounds "11"]
[EventCountry "CZE"]
[SourceTitle "EXT 2024"]
[Source "ChessBase"]
[SourceDate "2023.10.10"]
[SourceVersion "1"]
[SourceVersionDate "2023.10.10"]
[SourceQuality "1"]
[WhiteTeam "Zlin"]
[BlackTeam "Kromeriz Slavia II"]
[WhiteTeamCountry "CZE"]
[BlackTeamCountry "CZE"]

1. e4 e5 2. Nf3 Nc6 3. Bc4 Nf6 4. d3 Bc5 5. 0-0 a6 6. Nc3 d6 7. h3 Na5 8. Bb3 Nxb3 9. axb3 c6 10. Be3 Bxe3 11. fxe3 0-0 12. Qe1 h6 13. Nh4 d5 14. exd5 Nxd5 15. Nf5 Bxf5 16. Rxf5 Qc7 17. Qg3 Rae8 18. Ra4 Nxc3 19. bxc3 f6 20. Rh4 Kh7 21. e4 Qf7 22. Rfh5 Qg6 23. Qf3 a5 24. Rg4 Qf7 25. Rgh4 b5 26. Qf5+ Qg6 27. Qd7 a4 28. Rxh6+ Qxh6 29. Qf5+ g6 30. Qd7+ 1-0

[Event "Jesenik op"]
[Site "Jesenik"]
[Date "2019.08.23"]
[Round "7"]
[White "Michalicka, Milan"]
[Black "Krejca, Jakub"]
[Result "1-0"]
[WhiteElo "2190"]
[BlackElo "2132"]
[PlyCount "109"]
[EventDate "2019.08.17"]
[EventType "swiss"]
[EventRounds "9"]
[EventCountry "CZE"]
[SourceTitle "EXT 2020"]
[Source "ChessBase"]
[SourceDate "2019.10.17"]
[SourceVersion "1"]
[SourceVersionDate "2019.10.17"]
[SourceQuality "1"]

1. d4 d5 2. c4 e6 3. Nf3 Nf6 4. g3 Be7 5. Bg2 0-0 6. 0-0 dxc4 7. Ne5 c5 8. dxc5 Qc7 9. Nxc4 Bxc5 10. Nc3 Bxf2+ 11. Rxf2 Qxc4 12. Rxf6 gxf6 13. Bh6 Nc6 14. e3 e5 15. Ne4 Bf5 16. Nxf6+ Kh8 17. Bd5 Qc5 18. Qf3 Ne7 19. Bxb7 Rad8 20. Be4 Qd6 21. Bxf8 Rxf8 22. Bxf5 Qxf6 23. Be4 Qb6 24. Rd1 f5 25. Rd7 Qe6 26. Rxa7 Rb8 27. Bc2 Rxb2 28. Qa8+ Qc8 29. Bxf5 Qxa8 30. Rxa8+ Kg7 31. Ra7 Kf6 32. Bxh7 Nd5 33. Ra3 Kg7 34. Be4 Nf6 35. Bf5 Re2 36. Be6 Ne4 37. Bc4 Rd2 38. Rd3 Rb2 39. Rd7+ Kf6 40. Rf7+ Kg6 41. Rf8 Kg5 42. Be6 Nf6 43. h4+ Kg6 44. g4 e4 45. Rc8 Re2 46. Rc3 Kg7 47. a4 Kf8 48. Kf1 Rh2 49. Rc7 Ke8 50. h5 Rh3 51. Kf2 Rf3+ 52. Ke2 Rg3 53. h6 Rg2+ 54. Kf1 Rh2 55. g5 1-0

[Event "Jesenik op"]
[Site "Jesenik"]
[Date "2019.08.21"]
[Round "5"]
[White "Kowalczyk, Rafal"]
[Black "Krejca, Jakub"]
[Result "0-1"]
[WhiteElo "2234"]
[BlackElo "2132"]
[PlyCount "94"]
[EventDate "2019.08.17"]
[EventType "swiss"]
[EventRounds "9"]
[EventCountry "CZE"]
[SourceTitle "EXT 2020"]
[Source "ChessBase"]
[SourceDate "2019.10.17"]
[SourceVersion "1"]
[SourceVersionDate "2019.10.17"]
[SourceQuality "1"]

1. e4 e6 2. d4 d5 3. Bd3 Nf6 4. e5 Nfd7 5. c3 c5 6. Ne2 Nc6 7. 0-0 b6 8. Nd2 Bb7 9. f4 g6 10. Nf3 Qc7 11. Ng5 cxd4 12. cxd4 Nb4 13. Bb1 Ba6 14. Rf2 Rc8 15. Nc3 Nc6 16. Be3 Na5 17. g4 Nc4 18. Bc1 Be7 19. Nf3 Na3 20. Bd3 Bxd3 21. Qxd3 Qc4 22. Qd1 Nb5 23. Ne2 h5 24. h3 hxg4 25. hxg4 Qc2 26. Qf1 Qd3 27. a4 Nc7 28. Bd2 Na6 29. Rd1 Qb3 30. Rc1 Rc2 31. Qd1 Rxc1 32. Qxc1 Bd8 33. Qc8 Nb4 34. Nc3 Nd3 35. Rg2 Qxb2 36. Nd1 Qb1 37. Bc1 Nxc1 38. Qc2 Qxc2 39. Rxc2 Nd3 40. f5 gxf5 41. gxf5 Rh3 42. Nh2 Ne1 43. Rc8 Nf3+ 44. Nxf3 Rxf3 45. f6 Ra3 46. Nc3 a6 47. Kf2 Nxf6 0-1